Nube de tormenta / (Registro nro. 9319)

Detalles MARC
000 -LIDER
fixed length control field 00835nam a2200313 4500
001 - NÚMERO DE CONTROL
Identificador de número de control 00008445
003 - IDENTIFICACDOR DE NÚMERO DE CONTROL
control field DO-SdBNP
005 - DATE AND TIME OF LATEST TRANSACTION
control field 20180131154301.0
007 - CAMPOS FIJOS DE DESCRIPCIÓN FÍSICA
fixed length control field 00008445
008 - ELEMENTOS DE LONGITUD FIJA
fixed length control field 880105s1987 sp spa
015 ## - NÚMERO DENTRO DE LA BIBLIOGRAFÍA NACIONAL
National bibliography number
016 7# - NO. DE CONTROL DE LA AGENCIA BIB. NACIONAL
Record control number
Canceled/invalid record control number
Source BPMSU
017 ## - NÚMERO DE REGISTRO DE DERECHOS DE AUTOR
Copyright or legal deposit number
Assigning agency
020 ## - ISBN
International Standard Book Number 8422621789
035 ## - NÚMERO LOCAL
System control number
040 ## - FUENTE DE CATALOGACIÓN
Agencia que crea de manera original el registro BPMSU
Idioma de catalogación spa
Agencia que realiza la transcripción BPMSU
Convenciones de la despripción
080 #0 - NÚMERO DE CLASIFICACIÓN DECIMAL UNIVERSAL
Universal Decimal Classification number
100 1# - ASIENTO PRINCIPAL -- NOMBRE PERSONAL
Nombre personal O'Hara, Mary
240 10 - TITULO UNIFORME
Título uniforme Thunderhead
Idioma de una obra Español
245 10 - MENCIÓN DE TITULO
Título Nube de tormenta /
Medio (Designación general de material)
Mención de responsabilidad Mary O'Hara ; ilustraciones de Ballestar ; [traducción, E.B.]
260 ## - PUBLICACIÓN, DISTRIBUCIÓN, ETC. (PIE DE IMPRENTA)
Lugar de publicación, distribución, etc Barcelona :
Nombre del editor, distribuidor, etc. Círculo de Lectores,
Fecha de publicación, distribución, etc 1987
300 ## - DESCRIPCIÓN FÍSICA
Extensión 381 p. :
Otros detalles físicos
Dimensiones 22 cm
500 ## - NOTA GENERAL
Nota general
700 1# - ASIENTO SECUNDARIO -- NOMBRE PERSONAL
Nombre personal Ballester, Vicente B.
Mención de responsabilidad il.
700 0# - ASIENTO SECUNDARIO -- NOMBRE PERSONAL
Nombre personal E. B.
Mención de responsabilidad tr.
942 ## - ADDED ENTRY ELEMENTS (KOHA)
Source of classification or shelving scheme Dewey Decimal Classification
Koha item type Libros
945 ## - INFORMACIÓN DE PROCESAMIENTO LOCAL
Información de procesamiento local Inventariado, 2018 / BT
956 ## - LOCAL ELECTRONIC LOCATION AND ACCESS (OCLC)
Nombre de host VMATEO
Método de acceso 10
Materiales especificados 20160318
Enlace BPMSU
Campo enlazado y núm. de secuencia 00069
Existencias
Withdrawn status Lost status Source of classification or shelving scheme Damaged status Not for loan Collection code Home library Current library Date acquired Source of acquisition Total Checkouts Barcode Date last seen Price effective from Koha item type
    Dewey Decimal Classification     Colección Juvenil General Biblioteca Pública Metropolitana Salomé Ureña Biblioteca Pública Metropolitana Salomé Ureña 01/31/2018 FUNDI   BPMSU18010108 01/31/2018 01/31/2018 Libros